<?xml version="1.0" encoding="UTF-8"?>
<collection xmlns="http://www.loc.gov/MARC21/slim">
 <record>
  <leader>     na                 </leader>
  <controlfield tag="001">INLIS000000000769302</controlfield>
  <controlfield tag="005">20240129015916</controlfield>
  <datafield tag="035" ind1=" " ind2=" ">
   <subfield code="a">0010-0124000077</subfield>
  </datafield>
  <controlfield tag="006">i||| f      s</controlfield>
  <controlfield tag="007">sd usmguumpued</controlfield>
  <controlfield tag="008">240129                f          0 ind  </controlfield>
  <datafield tag="040" ind1=" " ind2=" ">
   <subfield code="a">JKPNPNA</subfield>
   <subfield code="b">ind</subfield>
   <subfield code="c">JBPUPMDM</subfield>
   <subfield code="e">rda</subfield>
  </datafield>
  <datafield tag="100" ind1="1" ind2=" ">
   <subfield code="a">Fuadi, A.</subfield>
   <subfield code="e">Pengarang</subfield>
   <subfield code="e">Fuadi, A.</subfield>
   <subfield code="e">Pengarang</subfield>
  </datafield>
  <datafield tag="245" ind1="1" ind2=" ">
   <subfield code="a">Negeri 5 menara /</subfield>
   <subfield code="c">penulis, A. Fuadi</subfield>
  </datafield>
  <datafield tag="300" ind1=" " ind2=" ">
   <subfield code="a">1 cakram audio :</subfield>
   <subfield code="b">digital, stereo, CD audio ;</subfield>
   <subfield code="c">4 3/4 inci</subfield>
  </datafield>
  <datafield tag="306" ind1=" " ind2=" ">
   <subfield code="a">105912</subfield>
  </datafield>
  <datafield tag="020" ind1=" " ind2=" ">
   <subfield code="a">978-979-22-4861-6</subfield>
  </datafield>
  <datafield tag="082" ind1=" " ind2=" ">
   <subfield code="a">899.221 3</subfield>
  </datafield>
  <datafield tag="084" ind1=" " ind2=" ">
   <subfield code="a">899.221 3 FUA n</subfield>
  </datafield>
  <datafield tag="264" ind1=" " ind2=" ">
   <subfield code="a">Jakarta :</subfield>
   <subfield code="b">Yayasan Mitra Netra,</subfield>
   <subfield code="c">[tahun produksi tidak teridentifikasi]</subfield>
  </datafield>
  <datafield tag="264" ind1=" " ind2=" ">
   <subfield code="a">Jakarta :</subfield>
   <subfield code="b">Gramedia Pustaka Utama,</subfield>
   <subfield code="c">2010</subfield>
  </datafield>
  <datafield tag="336" ind1=" " ind2=" ">
   <subfield code="2">rdacontent</subfield>
   <subfield code="a">kata yang diucapkan</subfield>
  </datafield>
  <datafield tag="337" ind1=" " ind2=" ">
   <subfield code="2">rdamedia</subfield>
   <subfield code="a">audio</subfield>
  </datafield>
  <datafield tag="338" ind1=" " ind2=" ">
   <subfield code="2">rdacarrier</subfield>
   <subfield code="a">cakram audio</subfield>
  </datafield>
  <datafield tag="500" ind1=" " ind2=" ">
   <subfield code="a">Judul diambil dari kemasan</subfield>
  </datafield>
  <datafield tag="500" ind1=" " ind2=" ">
   <subfield code="a">Dialihsuarakan ke dalam format DAISY (Digital Accessible Information System) version 2.02 daisy consortium oleh Yayasan Mitra Netra</subfield>
  </datafield>
  <datafield tag="511" ind1="0" ind2=" ">
   <subfield code="a">Dibacakan oleh Atik Muttaqien</subfield>
  </datafield>
  <datafield tag="520" ind1=" " ind2=" ">
   <subfield code="a">Negeri 5 Menara merupakan novel yang menceritakan tentang kehidupan 6 santri dari 6 daerah yang berbeda menuntut ilmu di Pondok Madani (PM) Ponorogo Jawa Timur yang jauh dari rumah dan berhasil mewujudkan mimpi menggapai jendela dunia. Mereka adalah: Alif Fikri Chaniago dari Maninjau, Raja Lubis dari Medan, Said Jufri dari Surabaya, Dulmajid dari Sumenep, Atang dari Bandung, Baso Salahuddin dari Gowa. Mereka sekolah, belajar dan berasrama dari kelas 1 sampai kelas 6. Kian hari mereka semakin akrab dan memiliki kegemaran yang sama yaitu duduk di bawah menara pondok madani. Dari kegemaran yang sama mereka menyebut diri mereka sebagai Sahibul Menara.</subfield>
  </datafield>
  <datafield tag="521" ind1=" " ind2=" ">
   <subfield code="a">Khusus untuk kepentingan tunanetra</subfield>
  </datafield>
  <datafield tag="538" ind1=" " ind2=" ">
   <subfield code="a">Persyaratan sistem : PC/komputer dengan suara dan speaker dan daisy softwere</subfield>
  </datafield>
  <datafield tag="650" ind1=" " ind2="4">
   <subfield code="a">Fiksi Indonesia</subfield>
  </datafield>
  <datafield tag="700" ind1="0" ind2=" ">
   <subfield code="a">Atik Muttaqien,</subfield>
   <subfield code="e">pembaca naskah</subfield>
  </datafield>
  <datafield tag="710" ind1="2" ind2=" ">
   <subfield code="a">Yayasan Mitra Netra</subfield>
  </datafield>
  <datafield tag="850" ind1=" " ind2=" ">
   <subfield code="a">JBPUPMDM</subfield>
  </datafield>
  <datafield tag="856" ind1=" " ind2=" ">
   <subfield code="x">http://opac.perpusnas.go.id/uploaded_files/sampul_koleksi/original/Rekaman Suara/1036048.JPG?rnd=628436700</subfield>
   <subfield code="y">http://opac.perpusnas.go.id/DetailOpac.aspx?id=1036048</subfield>
  </datafield>
 </record>
</collection>
<pre>An Error occurred while handling another error:
yii\web\HeadersAlreadySentException: Headers already sent in /var/www/html/inlislite3/common/components/MarcHelpers.php on line 193. in /var/www/html/inlislite3/vendor/yiisoft/yii2/web/Response.php:369
Stack trace:
#0 /var/www/html/inlislite3/vendor/yiisoft/yii2/web/Response.php(342): yii\web\Response-&gt;sendHeaders()
#1 /var/www/html/inlislite3/vendor/yiisoft/yii2/web/ErrorHandler.php(136): yii\web\Response-&gt;send()
#2 /var/www/html/inlislite3/vendor/yiisoft/yii2/base/ErrorHandler.php(152): yii\web\ErrorHandler-&gt;renderException(Object(yii\web\HeadersAlreadySentException))
#3 [internal function]: yii\base\ErrorHandler-&gt;handleException(Object(yii\web\HeadersAlreadySentException))
#4 {main}
Previous exception:
yii\web\HeadersAlreadySentException: Headers already sent in /var/www/html/inlislite3/common/components/MarcHelpers.php on line 193. in /var/www/html/inlislite3/vendor/yiisoft/yii2/web/Response.php:369
Stack trace:
#0 /var/www/html/inlislite3/vendor/yiisoft/yii2/web/Response.php(342): yii\web\Response-&gt;sendHeaders()
#1 /var/www/html/inlislite3/vendor/yiisoft/yii2/base/Application.php(390): yii\web\Response-&gt;send()
#2 /var/www/html/inlislite3/opac/index.php(26): yii\base\Application-&gt;run()
#3 {main}</pre><br />
<b>Warning</b>:  file_put_contents(/var/www/html/inlislite3/opac/runtime/debug/69f112cd744cf.data): failed to open stream: Permission denied in <b>/var/www/html/inlislite3/vendor/yiisoft/yii2-debug/src/LogTarget.php</b> on line <b>74</b><br />
